00732cam a22002533a 450000100090000000300050000900500170001400800410003101000170007202000310008903500230012003800110014304000350015405000280018908200170021710000220023424500440025626000310030030000210033156300080035265500250036065500310038571000620041616403564NUST20220509102632.0880412s1988 nyu 000 1 eng d a 00520742  a0671637797 (pbk.) :c$3.95 a(OCoLC)ocm17781285 aArshad aMNLcMNLdGZSdJBLdOCLCQdDLC00aCPB Box no. 1702 vol. 3 a813.54 bMCN1 aMcNaught, Judith.10aSomething wonderful /cJudith McNaught. aNew York :bPocket,c1988. a418 p. ;c18 cm. aPBK 7aLove stories.2gsafd 7aHistorical fiction.2gsafd2 aCopyright Paperback Collection (Library of Congress)5DLC